00927nas a2200229Ia 4500001001100000003000900011008004100020040001300061040001300074041001300087100004200100210001800142222001800160245007500178250001100253260002900264501008600293300002000379362004000399500022200439650003600661R002/F4699IT-RoPAU151124c99999999xx |||||||||||| ||und|| aIT-RoPAU cIT-RoPAU aITALIANO aSesti MariogCodice Aut. SPICS: 17449 aBIANCO E NERO aBianco E Nero aBIANCO & NERO, ANNO 59-N.1 (GENNAIO/MARZO 1998)bElogio Del Camaleonte a1a ed. aMILANObIL CASTOROc1998 bPaulus - SPICS - Società San Paolo EM (non-commercial uses only)cCopyright2015 a10 p. [127-136] aANNO 059, N.01 (GENNAIO/MARZO 1998) aRiflessioni Critiche su Pubblicazioni Riguardanti il Cinema: di Cosa Parliamo Quando Parliamo di Cinema a Cura di Ezio Alberione, al Cinema Non Fa Freddo di Giuseppe Marotta, la Quadratura del Cinema di Corrado Terzi. aCINEMAvPUBBLICAZIONE PERIODICA